| 000 | 00412nam a2200157Ia 4500 | ||
|---|---|---|---|
| 005 | 20250522014628.0 | ||
| 008 | 240331s9999 xx 000 0 und d | ||
| 082 |
_a302.23 _bSOM |
||
| 100 | _aChandrika, Somasundaram | ||
| 245 | 0 | _aMakkal totarpu Catanamum Makalirum | |
| 260 |
_aColombo _bWomen's Education & Research Centre _c1990 |
||
| 300 | _a28 p ., | ||
| 650 | _aWomen | ||
| 650 | _aMass Media | ||
| 942 | _cL | ||
| 999 |
_c1126 _d1126 |
||